Normal view
MARC view
- Usama Mehboob
Entry Personal Name
001 - CONTROL NUMBER
- control field: 93278
003 - CONTROL NUMBER IDENTIFIER
- control field: NUST
005 - DATE AND TIME OF LATEST TRANSACTION
- control field: 20220706135526.0
008 - FIXED-LENGTH DATA ELEMENTS
- fixed length control field: 220706|| aca||aabn | a|a d
040 ## - CATALOGING SOURCE
- Original cataloging agency: NUST
- Transcribing agency: NUST
100 ## - HEADING--PERSONAL NAME
- Personal name: Usama Mehboob
670 ## - SOURCE DATA FOUND
- Source citation: Work cat.: (NUST)13031: Usama Mehboob, PNSSS-1 communication subsystem & image capturing/processing, 2014
